000 00425nam a22001217a 4500
008 230621b xxu||||| |||| 00| 0 eng d
082 _a328.03
_bCPA
100 _cCommon Wealth Parliamentary Association
245 _aReport of the executive committee 1986-1987 and Report of the proceedings of the General Assembly
260 _aKuala Lumpur
_bCommon Wealth Parliamentary Association
_c1987
300 _a98p
942 _2ddc
_cBK
999 _c1966
_d1966